| Поле | Инд. | ПП | Название | Значение |
|---|---|---|---|---|
| Тип записи | a | |||
| Библиографический уровень | m | |||
| 001 | Контрольный номер | 011ed7f2-ea0d-42e1-9aea-8409de8ca647 | ||
| 005 | Дата корректировки | 20131112035202.9 | ||
| 008 | Кодируемые данные | 960426 d | ||
| 020 | c | Цена, тираж | 1-61 | |
| 040 | a | Служба первич. каталог. | НБ ТвГУ | |
| 041 | a | Код языка текста | rus | |
| 080 | a | Индекс УДК | 541.11(075.8) | |
| 084 | a | Индекс другой классификации/Индекс ББК | Г531я731-1 | |
| 090 | x | Авторский знак | К21 | |
| a | Полочн. индекс | 541.3 | ||
| 100 | 1_ | a | Автор | Карапетьянц Михаил Христофорович |
| 245 | 1_ | a | Заглавие | Химическая термодинамика |
| b | Продолж. заглавия | [Учеб. пособие для хим. спец. вузов] | ||
| c | Ответственность | М. Х. Карапетьянц | ||
| 250 | a | Основные сведения об издании | 3-е изд. | |
| b | Дополнительные сведения об издании | перераб. и доп. | ||
| 260 | 0_ | a | Место издания | Москва |
| b | Издательство | Химия | ||
| c | Дата издания | 1975 | ||
| 300 | a | Объем | 583 с. | |
| b | Иллюстрации/ тип воспроизводства | ил., [1] л. граф. | ||
| 504 | a | Библиография | Библиогр.: с. 522-536. - Предм. указ.: с. 570-583. | |
| 650 | a | Основная рубрика | Химическая термодинамика | |
| x | Основная подрубрика | Учебники для вузов | ||
| 650 | a | Основная рубрика | Физическая химия | |
| 653 | a | Ключевые слова | Термодинамика | |
| a | Ключевые слова | Химическая термодинамика | ||
| a | Ключевые слова | Учебники | ||
| 852 | t | Порядковый номер экземпляра | 9 | |
| p | Инвентарный номер | 409874 | ||
| p | Инвентарный номер | 409875 | ||
| p | Инвентарный номер | 918 - 7 экз. | ||
| 930 | a | Новая/Ретро | учебники | |
| 954 | a | Дата поступления на обработку | 20011117 | |
| 999 | a | Подразделение 2 | Фил3 |